Breve tratado acerca de la existencia y de lo existente /

Guardado en:
Autor Principal: Maritain, Jacques.
Formato: Libro
Idioma:Spanish
Publicado: Buenos Aires : Desclée, 1949.
Materias:
Etiquetas: Agregar Etiqueta
Sin Etiquetas, Sea el primero en etiquetar este registro!
LEADER 00471nam a22001575a 4500
001 EUN.um003909
003 AR-BaUNS
005 20050623122851.0
008 041125s1949####ag############000#0#spa#d
245 1 0 |a Breve tratado acerca de la existencia y de lo existente /  |c Jacques Maritain. 
260 |a Buenos Aires :  |b Desclée,  |c 1949. 
300 |a 184 p. 
100 1 |a Maritain, Jacques. 
082 0 4 |a 111 
653 |a Ontologia 
859 |a Ar-BaUNS  |b BIB. CENTRAL - Sector C  |h 111  |i M339  |p 3370/956